000 00349cam a22001097a 4500
008 180718b1971 xxu||||| |||| 00| 0 eng d
082 _aR8068x5442 B639/1967-69
245 _aTrade unions in Maharashtra
_cby Bombay Labour Institute
260 _aBombay
_bBombay Labour Institute
_c1971
300 _a225p
700 _aMaharashtra. Bombay Labour Institute
999 _c497072
_d497072